000
00276nam a2200121Ia 4500
008
190216s9999||||xx |||||||||||||| ||und||
100
_a
"Ray R N ,mitra"
245
0
_a
Science For Middle Schools
260
_b
Ncert
_c
1968
300
_a
151p
650
_a
Physics
942
_c
BK
999
_c
32761
_d
32761